| 000 | 00708nam a2200241 a 4500 | ||
|---|---|---|---|
| 001 | 72703 | ||
| 003 | BD-RjUL | ||
| 005 | 20211209082312.0 | ||
| 008 | 170522s1962 mnua 000 0 eng d | ||
| 035 | _a(BD-RjUL)72921 | ||
| 038 | _aOCoLC | ||
| 040 |
_aVTU _cVTU _dBD-RjUL _beng |
||
| 041 | _aeng | ||
| 082 |
_223 _a571.92 _bPLA 1962 |
||
| 090 |
_aKew _b632 |
||
| 245 | 0 | 0 |
_aPlant pathology : _blaboratory manual / _cby J.P. Fulton ... [et al.]. |
| 250 | _a2nd ed. | ||
| 260 |
_aMinneapolis, Minn. : _bBurgess, _c1960 [ Printing 1962 ]. |
||
| 300 |
_a95 p. : _bill. ; _c28 cm. |
||
| 650 | 0 |
_aPlant diseases _vLaboratory manuals. _9214872 |
|
| 700 | 1 |
_aFulton, Joseph Patton, _d1917- _9214873 |
|
| 942 |
_2ddc _cBK |
||
| 999 |
_c72703 _d72703 |
||